Una aproximación al futuro : (Registro nro. 5513)

Detalles MARC
000 -LEADER
fixed length control field 00944nam a2200253Ia 4500
003 - CONTROL NUMBER IDENTIFIER
control field OSt
005 - DATE AND TIME OF LATEST TRANSACTION
control field 20200722191644.0
008 - FIXED-LENGTH DATA ELEMENTS--GENERAL INFORMATION
fixed length control field 191128s1999 ck ad fr 000 0 spa d
020 ## - INTERNATIONAL STANDARD BOOK NUMBER
International Standard Book Number 9589113265
040 ## - CATALOGING SOURCE
Original cataloging agency CO-JMCR
Transcribing agency CO-JMCR
041 0# - LANGUAGE CODE
Language code of text/sound track or separate title spa
082 04 - DEWEY DECIMAL CLASSIFICATION NUMBER
Classification number 338.9861 /
Item number C172a
Edition number 23
110 1# - MAIN ENTRY--CORPORATE NAME
Corporate name or jurisdiction name as entry element Colombia.
Subordinate unit Cámara de Comercio de Bogotá
9 (RLIN) 6916
245 14 - TITLE STATEMENT
Title Una aproximación al futuro :
Remainder of title Colombia siglo XXI /
Statement of responsibility, etc. Cámara de Comercio de Bogotá
260 ## - PUBLICATION, DISTRIBUTION, ETC.
Place of publication, distribution, etc. Bogotá :
Name of publisher, distributor, etc. Cámara de Comercio de Bogotá,
Date of publication, distribution, etc. [1999?]
300 ## - PHYSICAL DESCRIPTION
Extent xliii, 483 páginas :
Other physical details gráficos a blanco y negro ;
Dimensions 26 cm.
504 ## - BIBLIOGRAPHY, ETC. NOTE
Bibliography, etc. note Incluye bibliografía al final de algunos capítulos.
505 0# - FORMATTED CONTENTS NOTE
Formatted contents note Marcos generales de desarrollo -- Estudios básicos de prospectiva
650 14 - SUBJECT ADDED ENTRY--TOPICAL TERM
Topical term or geographic name entry element Análisis económico
9 (RLIN) 7655
650 14 - SUBJECT ADDED ENTRY--TOPICAL TERM
Topical term or geographic name entry element Proyecciones económicas
9 (RLIN) 5468
650 14 - SUBJECT ADDED ENTRY--TOPICAL TERM
Topical term or geographic name entry element Estadísticas económicas
9 (RLIN) 7656
650 14 - SUBJECT ADDED ENTRY--TOPICAL TERM
Topical term or geographic name entry element Economía colombiana
9 (RLIN) 7657
942 ## - ADDED ENTRY ELEMENTS (KOHA)
Source of classification or shelving scheme Dewey Decimal Classification
Koha item type Books
Existencias
Withdrawn status Lost status Source of classification or shelving scheme Damaged status Not for loan Collection code Home library Current library Date acquired Source of acquisition Full call number Barcode Date last seen Copy number Koha item type
    Dewey Decimal Classification     Non-fiction Biblioteca Pública José María del Castillo y Rada Biblioteca Pública José María del Castillo y Rada 04/15/2018 Donación 338.9861 / C172a 430002206 05/16/2024 V.1 / Ej.1 Books